Aspectos historicos en el conocimiento cientifico de los pueblos indigenas pampeano-patagonicos /

Guardado en:
Autor Principal: Priegue, Celia N.
Formato: Libro
Publicado: Bahia Blanca : Universidad Nac. Del Sur, Departamento De Humanidades, 1992
Materias:
Etiquetas: Agregar Etiqueta
Sin Etiquetas, Sea el primero en etiquetar este registro!
LEADER 00578nam a22001575a 4500
001 EHU.bham005167
003 AR-BHAM
005 20081015153059.0
008 130507s1992##################000#0#####d
082 5 7 |a 572.7 
100 1 |a Priegue, Celia N. 
245 1 0 |a Aspectos historicos en el conocimiento cientifico de los pueblos indigenas pampeano-patagonicos /  |c Celia N. Priegue. 
260 |a Bahia Blanca :  |b Universidad Nac. Del Sur, Departamento De Humanidades,  |c 1992 
300 |a 55 p. 
653 |a Antropologia cultural 
859 |a AR-BHAM  |b BIB. HUMANIDADES - General  |h 572.7  |i P933-1  |p 389.93  |t Ej.1